| 000 | 00394nam a2200145Ia 4500 | ||
|---|---|---|---|
| 008 | 100415s9999 xx 000 0 und d | ||
| 082 |
_b12371 _a598.259 |
||
| 100 | _aCatchpole Clive K | ||
| 245 | _aVocal Communication in Birds | ||
| 260 |
_aLONDON _c1979 _bEDWARD ARNOLD |
||
| 365 | _b0 | ||
| 630 | _aVocal Communication in Birds | ||
| 730 | _aVocal Communication in Birds | ||
| 942 | _cBOOK | ||
| 999 |
_c595288 _d595285 |
||